| 000 | 00533nam a2200169 i 4500 | ||
|---|---|---|---|
| 001 | bg | ||
| 245 | C |
_aNauczanie geodezji. Geodezyjne pomiary konstrukcji inżynierskich / _cred. naukowy Jacek Ossowski. |
|
| 260 |
_aWrocław, Wyd. Politechniki Wrocławskiej, _c1989. |
||
| 490 | 1 |
_aPrace Naukowe Instytutu Geotechniki ; _v59 |
|
| 650 | 9 |
_aGeodezja _xpomiary |
|
| 830 | _aPrace Naukowe Instytutu Geotechniki ; | ||
| 040 | _cBPK | ||
| 041 | _apol | ||
| 080 | _a528(061) | ||
| 942 | _cKS | ||
| 008 | s pl f |000 0 pol | ||
| 999 |
_c49754 _d49754 |
||
| 856 |
_uhttp://koha.tu.koszalin.pl/cgi-bin/koha/opac-detail.pl?biblionumber=49754 _yKatalog online BPK |
||